|
|
|
|
| LEADER |
00000nam a22000007a 4500 |
| 005 |
20220915235150.0 |
| 007 |
cr|||| |||| |
| 008 |
220915s2016 us |||||s|||| 00||0 eng d |
| 020 |
|
|
|a 978-1-58576-177-7
|
| 035 |
|
|
|a 36362
|
| 040 |
|
|
|a vLex
|
| 090 |
|
|
|c 13912
|d 13912
|
| 100 |
1 |
|
|a Craig, Robin Kundis
|
| 245 |
1 |
0 |
|a Contemporary issues in climate change law and policy
|h [Recurso electrn̤ico] :
|b essays inspired by the IPCC /
|c Robin Kundis Craig, Stephen R. Miller
|
| 256 |
|
|
|a Servicio en ln̕ea
|
| 260 |
|
|
|a Washington DC:
|b Environmental Law Institute,
|c 2016
|
| 300 |
|
|
|a 1 recurso electrn̤ico
|
| 500 |
|
|
|a The Intergovernmental Panel on Climate Change’s most recent set of reports, generally referred to collectively as the Fifth Assessment Report, present significant data and findings about climate change. But what role does law play in addressing and responding to these findings? This book, the second by the Environmental Law Collaborative, an affiliation of environmental law professors, focuses on the relationship between law and the Fifth Assessment Report in hopes of bridging this gap. This book’s chapters are illustrative of the overwhelming number of legal issues that climate change creates. Some of the contributions remain directly tied to the text of the IPCC’s reports, while others focus on climate change more generally. Together, this volume contributes to a constructive and helpful discussion about how to address the climate change challenge
|
| 506 |
1 |
|
|a Disponible solo en los productos indicados
|d vLex Global
|d vLex Global (Academic Edition, excluding Law Schools)
|d vLex Global (Academic Edition, Law Schools)
|
| 650 |
0 |
4 |
|a Derecho del Medio Ambiente
|z Estados Unidos
|
| 700 |
1 |
|
|a Miller, Stephen R.
|
| 740 |
0 |
|
|a vLex Libros (Servicio en ln̕ea)
|
| 856 |
4 |
0 |
|u https://app.vlex.com/#/sources/36362
|z Acceso restringido
|
| 942 |
|
|
|c BOOK
|
| 999 |
0 |
|
|a Environmental Law
|